Сток рек и временных водотоков на территории лесостепной и степной зоны Европейской части СССР (Запись № 9056261)

Подробности
000 -МАРКЕР
контрольное поле 01982nam0a22003371 4500
001 - ИДЕНТИФИКАТОР ЗАПИСИ
контрольное поле rc\3995311
005 - ИДЕНТИФИКАТОР ВЕРСИИ
контрольное поле 20250611051035.0
021 ## - НОМЕР ГОСУДАРСТВЕННОЙ РЕГИСТРАЦИИ
Код страны российская федерация
Номер [51-7210ж]
035 ## - ДРУГИЕ СИСТЕМНЫЕ НОМЕРА
Идентификатор записи (NLR Aleph) 008069917
100 ## - ДАННЫЕ ОБЩЕЙ ОБРАБОТКИ
Данные общей обработки 20130415d1951 |||y0rusy50 ca
101 0# - ЯЗЫК РЕСУРСА
Язык текста, звукозаписи и т.д. русский
102 ## - СТРАНА ПУБЛИКАЦИИ ИЛИ ПРОИЗВОДСТВА
Страна публикации российская федерация
105 ## - ПОЛЕ КОДИРОВАННЫХ ДАННЫХ: ТЕКСТОВЫЕ МАТЕРИАЛЫ, МОНОГРАФИЧЕСКИЕ
Кодированные данные о монографическом текстовом документе b z |||||
200 1# - ЗАГЛАВИЕ И СВЕДЕНИЯ ОБ ОТВЕТСТВЕННОСТИ
Основное заглавие Сток рек и временных водотоков на территории лесостепной и степной зоны Европейской части СССР
Первые сведения об ответственности Под ред. проф. д-ра техн. наук Д.Л. Соколовского
210 ## - ПУБЛИКАЦИЯ, РАСПРОСТРАНЕНИЕ И ДР.
Место издания, распространения и т.д. Ленинград
Имя издателя, распространителя и т. д. Гидрометеоиздат
Дата издания, распространения и т.д. 1951
215 ## - ФИЗИЧЕСКАЯ ХАРАКТЕРИСТИКА
Специфическое обозначение материала и объем 1146 с., 10 л. граф., карт.
Другие сведения о физической характеристике граф., карт.
Размеры 26
225 1# - СЕРИЯ
Основное заглавие серии Главное управление гидрометеорологической службы при Совете министров СССР. Труды Государственного ордена Трудового красного знамени гидрологического института
Обозначение тома Вып. 29 (83)
300 ## - ОБЩИЕ ПРИМЕЧАНИЯ
Текст примечания Перед загл. авт.: К.П. Воскресенский, канд. геогр. наук
300 ## - ОБЩИЕ ПРИМЕЧАНИЯ
Текст примечания На переплете только загл. серии
320 ## - ПРИМЕЧАНИЯ О НАЛИЧИИ В ДОКУМЕНТЕ БИБЛИОГРАФИИ / УКАЗАТЕЛЯ
Текст примечания Библиогр.: с. 276-278 (64 назв.)
606 ## - НАИМЕНОВАНИЕ ТЕМЫ КАК ПРЕДМЕТ
Наименование темы Водные ресурсы
Географический подзаголовок Лесостепная и степная зона Европейской части СССР
Код системы psbo
606 ## - НАИМЕНОВАНИЕ ТЕМЫ КАК ПРЕДМЕТ
Наименование темы Речной сток
Географический подзаголовок Лесостепная и степная зона Европейской части СССР
Код системы psbo
700 #1 - ИМЯ ЛИЦА - ПЕРВИЧНАЯ ОТВЕТСТВЕННОСТЬ
Начальный элемент ввода Воскресенский
Часть имени, кроме начального элемента ввода К.П.
Расширение инициалов личного имени Константин Петрович
702 #1 - ИМЯ ЛИЦА - ВТОРИЧНАЯ ОТВЕТСТВЕННОСТЬ
Код отношения Редактор
Графика поля Кириллица
Материалы, к которым относится поле rus
Начальный элемент ввода Соколовский
Часть имени, кроме начального элемента ввода Д. Л.
Даты 1896-1986
Расширение инициалов личного имени Даниил Львович
Системный номер авторитетной/нормативной записи 268826
Идентификатор авторитетной/нормативной записи RU\NLR\AUTH\770268882
801 #0 - ИСТОЧНИК ЗАПИСИ
Страна российская федерация
Организация NLR
Правила каталогизации psbo
801 #1 - ИСТОЧНИК ЗАПИСИ
Страна российская федерация
Организация ELAR
Источник данных rusmarc
852 ## - МЕСТОНАХОЖДЕНИЕ И ШИФР ХРАНЕНИЯ
Идентификатор организации NLR
Шифр хранения (Call Number) П10/609
942 ## - ДОПОЛНИТЕЛЬНЫЕ ЭЛЕМЕНТЫ ЗАПИСИ (АБИС)
Тип экземпляра АБИС Книга
980 ## - КОЛЛЕКЦИЯ
Название коллекции Национальная библиография
Экземпляры
Тип экземпляра Дата поступления Библиотека постоянного хранения Библиотека текущего хранения Место хранения Шифр хранения Штрих-код Статус не для выдачи
Книга 26.10.2013 РНБ (Московский) РНБ (Московский) Русский журнальный фонд П10/609 8069917-10